[Event "DEM U12/U12w 2008"]
[Site "Willingen GER"]
[Date "2008.05.14"]
[Round "7"]
[White "Schuhmacher, Jakob"]
[Black "Boberg, Tobias Marcel"]
[Result "1/2-1/2"]
[Termination "normal"]
[Board "26"]
[WhiteElo "1657"]
[BlackElo "1283"]
[PlyCount "123"]
[WhiteFideId "4612787"]
[BlackFideId "24692298"]
[EventCountry "GER"]
[EventRounds "11"]
[EventType "swiss"]
[EventDate "2008.05.10"]

1. d4 Nf6 2. Nf3 g6 3. c4 d5 4. cxd5 Nxd5 5. e4 Nf6 6. Nc3 Bg7 7. Be2 O-O 8.
O-O b6 9. e5 Nfd7 10. Bf4 Bb7 11. Bg3 c5 12. d5 Qc8 13. Qb3 Re8 14. Rfe1 e6 15.
d6 Nc6 16. Bf1 Nb4 17. a3 Bxf3 18. gxf3 Nc6 19. f4 Nd4 20. Qd1 Rb8 21. Bg2 Qd8
22. a4 a6 23. Ne4 h5 24. h3 Bh6 25. a5 b5 26. Nxc5 Nxc5 27. Qxd4 Nb3 28. Qb4
Nxa1 29. Rxa1 Qc8 30. Qd2 Qc5 31. Rd1 b4 32. d7 Red8 33. Bh4 Qxa5 34. Bxd8 Rxd8
35. Qd6 Bxf4 36. Qe7 Bxe5 37. Qe8+ Kg7 38. Rc1 Bc7 39. h4 Qe5 40. Rc4 Qh2+ 41.
Kf1 Qd6 42. Kg1 Qxd7 43. Qxd7 Rxd7 44. Rxb4 Rd1+ 45. Bf1 Rb1 46. Kg2 a5 47. Rb7
Bd6 48. Bc4 Kf6 49. b3 a4 50. Rb6 Be7 51. Kg3 a3 52. Ra6 Ra1 53. Kf4 a2 54. b4
Bxb4 55. Rxa2 Rxa2 56. Bxa2 e5+ 57. Kf3 g5 58. hxg5+ Kxg5 59. Bxf7 h4 60. Be6
Bd2 61. Bh3 Bf4 62. Bc8 1/2-1/2

[Event "DEM U12/U12w 2008"]
[Site "Willingen GER"]
[Date "2008.05.14"]
[Round "7"]
[White "Weber, Daniel"]
[Black "Scheel, Henrik"]
[Result "1/2-1/2"]
[Termination "normal"]
[Board "27"]
[WhiteElo "1300"]
[BlackElo "1481"]
[PlyCount "74"]
[WhiteFideId "24615498"]
[BlackFideId "24692115"]
[EventCountry "GER"]
[EventRounds "11"]
[EventType "swiss"]
[EventDate "2008.05.10"]

1. e4 e5 2. f4 exf4 3. Nf3 Be7 4. Bc4 d6 5. O-O Bg4 6. d4 Nf6 7. Nc3 c6 8. Bxf4
O-O 9. Qd3 d5 10. exd5 cxd5 11. Bb3 Nc6 12. Rad1 Rc8 13. Qb5 Qd7 14. Nxd5 Nxd5
15. Qxd5 Qxd5 16. Bxd5 Rfd8 17. Bxc6 bxc6 18. c3 Bd6 19. Bxd6 Rxd6 20. Rde1
Bxf3 21. Rxf3 Kf8 22. Rfe3 Rd7 23. Kf2 f6 24. R1e2 c5 25. Rd3 cxd4 26. Re4 Rb7
27. Rdxd4 Rxb2+ 28. Kg1 Rxc3 29. h3 Rxa2 30. Rd7 Rcc2 31. Rg4 Rd2 32. Rb7 g5
33. Rxh7 a5 34. Ra7 Rdc2 35. Kh1 a4 36. Rb4 Re2 37. Rbb7 a3 1/2-1/2

[Event "DEM U12/U12w 2008"]
[Site "Willingen GER"]
[Date "2008.05.14"]
[Round "7"]
[White "Bonk, Andras"]
[Black "Vonhoff, Nils"]
[Result "1/2-1/2"]
[Termination "normal"]
[Board "28"]
[WhiteElo "1473"]
[BlackElo "1282"]
[PlyCount "67"]
[WhiteFideId "24692123"]
[BlackFideId "24692301"]
[EventCountry "GER"]
[EventRounds "11"]
[EventType "swiss"]
[EventDate "2008.05.10"]

1. e4 c5 2. Nf3 Nc6 3. d4 cxd4 4. Nxd4 e6 5. Nc3 Nf6 6. Bg5 Be7 7. Ndb5 O-O 8.
Bxf6 Bxf6 9. Nd6 Be5 10. Be2 Qe7 11. Nc4 Bd4 12. O-O a6 13. Bf3 Qb4 14. Be2 b5
15. a3 Qc5 16. Nd2 Bxc3 17. bxc3 Qxc3 18. Nf3 Ne5 19. Bd3 Nxf3+ 20. Qxf3 Bb7
21. Qh3 Qe5 22. Kh1 g6 23. Rab1 Qd4 24. Qg3 Bc6 25. Rfd1 Qc5 26. Rb3 a5 27. Qf4
a4 28. Rb4 f5 29. exf5 Qd5 30. Qg3 Rxf5 31. f4 Raf8 32. Rf1 R5f7 33. Rg1 Qd6
34. h3 1/2-1/2

[Event "DEM U12/U12w 2008"]
[Site "Willingen GER"]
[Date "2008.05.14"]
[Round "7"]
[White "Gubela, Hans-Erich Constantin"]
[Black "Polert, Annika"]
[Result "1-0"]
[Termination "normal"]
[Board "29"]
[WhiteElo "1460"]
[BlackElo "1196"]
[PlyCount "91"]
[WhiteFideId "24692140"]
[BlackFideId "24692328"]
[EventCountry "GER"]
[EventRounds "11"]
[EventType "swiss"]
[EventDate "2008.05.10"]

1. e4 c6 2. d4 d5 3. Nc3 dxe4 4. Nxe4 Nd7 5. Nf3 Ngf6 6. Bd3 e6 7. Bg5 Be7 8.
O-O O-O 9. c3 b6 10. Qc2 h6 11. Bxf6 Nxf6 12. Nxf6+ Bxf6 13. Rae1 Bb7 14. Nd2
Qd7 15. Ne4 Be7 16. f4 Rac8 17. Qa4 a6 18. Ng3 Rfd8 19. Bb1 c5 20. Qc2 f5 21.
dxc5 Bxc5+ 22. Kh1 Qf7 23. a3 a5 24. Ba2 Re8 25. Nxf5 Bxg2+ 26. Kxg2 Qg6+ 27.
Kh1 Kh8 28. Nd4 Qf6 29. Bb1 Kg8 30. Qg6 Qxg6 31. Bxg6 Rf8 32. Nxe6 Rf6 33. Nxc5
Rxg6 34. Nd3 Rd8 35. Ne5 Rgd6 36. Kg2 g5 37. f5 h5 38. Ng6 R8d7 39. Re6 Kg7 40.
Rfe1 Rd2+ 41. R1e2 Rxe2+ 42. Rxe2 Kf6 43. Nf8 Rf7 44. Ne6 Kxf5 45. Nd4+ Kf6 46.
Re6+ 1-0

[Event "DEM U12/U12w 2008"]
[Site "Willingen GER"]
[Date "2008.05.14"]
[Round "7"]
[White "Aslan, Dersim"]
[Black "Böhl, Marius"]
[Result "1-0"]
[Termination "normal"]
[Board "31"]
[WhiteElo "1319"]
[BlackElo "1471"]
[PlyCount "115"]
[WhiteFideId "24692271"]
[BlackFideId "24692131"]
[EventCountry "GER"]
[EventRounds "11"]
[EventType "swiss"]
[EventDate "2008.05.10"]

1. e4 Nf6 2. Nc3 d5 3. exd5 Nxd5 4. Nf3 Nxc3 5. bxc3 Nc6 6. Bc4 Bg4 7. d4 e6 8.
Be3 Be7 9. Rb1 Rb8 10. Qd3 Bxf3 11. gxf3 a6 12. a4 Qd6 13. Kd2 O-O 14. Rhg1 Bf6
15. h4 Ne7 16. Rg4 Qc6 17. Rg3 Qxa4 18. Rbg1 Kh8 19. h5 Nf5 20. Rg4 Nxe3 21.
fxe3 Qc6 22. Ke2 b5 23. Bb3 a5 24. e4 Rg8 25. e5 Be7 26. Rf4 Qe8 27. Rfg4 c5
28. Qe4 c4 29. Ba2 Qd7 30. Qf4 Ba3 31. h6 Bf8 32. Qf6 Qd8 33. hxg7+ Bxg7 34.
Rxg7 Qxf6 35. exf6 b4 36. Rxg8+ Rxg8 37. Rxg8+ Kxg8 38. Bxc4 bxc3 39. Kd3 h5
40. Kxc3 h4 41. Bf1 Kh7 42. Kb3 Kg6 43. c4 Kxf6 44. c5 Ke7 45. Ka4 Kd7 46. Kxa5
Kc6 47. Ka6 f6 48. f4 e5 49. fxe5 fxe5 50. dxe5 Kxc5 51. e6 Kd6 52. Bh3 Ke7 53.
Kb5 Kd6 54. Kc4 Ke7 55. Kd5 Ke8 56. Kd6 Kd8 57. e7+ Ke8 58. Bd7+ 1-0

[Event "DEM U12/U12w 2008"]
[Site "Willingen GER"]
[Date "2008.05.14"]
[Round "7"]
[White "Spiegelberg, Silvia"]
[Black "Schmalhorst, Sophia"]
[Result "0-1"]
[Termination "normal"]
[Board "32"]
[WhiteElo "1455"]
[BlackElo "1317"]
[PlyCount "113"]
[WhiteFideId "24654450"]
[BlackFideId "24682497"]
[EventCountry "GER"]
[EventRounds "11"]
[EventType "swiss"]
[EventDate "2008.05.10"]

1. d4 d5 2. Bf4 c5 3. e3 Nc6 4. c3 Nf6 5. Nd2 Qb6 6. Qb3 c4 7. Qc2 e6 8. Ngf3
Be7 9. Be2 O-O 10. O-O Nh5 11. Ng5 Nf6 12. Be5 h6 13. Bxf6 hxg5 14. Bxe7 Nxe7
15. e4 Bd7 16. Rfe1 Nc6 17. Rab1 Rac8 18. Bg4 Qc7 19. e5 b5 20. Nf3 b4 21. Nxg5
g6 22. Re3 Kg7 23. Qe2 Rb8 24. Rd1 Rh8 25. Qf3 Bc8 26. g3 bxc3 27. bxc3 Rb2 28.
h4 Qe7 29. Qf6+ Qxf6 30. exf6+ Kf8 31. Re2 Rxe2 32. Bxe2 Nb8 33. Rb1 Nd7 34.
Nf3 Nxf6 35. Ne5 Ne4 36. Rb8 Kg7 37. Ra8 Nxc3 38. Kf1 Nb5 39. a4 Nxd4 40. Rxa7
Rf8 41. Rc7 Kf6 42. Ng4+ Kf5 43. Nh6+ Kf6 44. g4 Nxe2 45. Kxe2 d4 46. a5 g5 47.
h5 Ba6 48. Rc6 Bb7 49. Rb6 Bd5 50. Nf5 Ke5 51. h6 exf5 52. h7 fxg4 53. Rh6 Bf3+
54. Kd2 Rh8 55. a6 c3+ 56. Kc1 d3 57. a7 0-1

[Event "DEM U12/U12w 2008"]
[Site "Willingen GER"]
[Date "2008.05.14"]
[Round "7"]
[White "Steimbach, Isabel"]
[Black "Duchow, Julien"]
[Result "1/2-1/2"]
[Termination "normal"]
[Board "33"]
[WhiteElo "1448"]
[BlackElo "1303"]
[PlyCount "82"]
[WhiteFideId "24692174"]
[EventCountry "GER"]
[EventRounds "11"]
[EventType "swiss"]
[EventDate "2008.05.10"]

1. e4 c5 2. Nf3 Nc6 3. d4 cxd4 4. Nxd4 g6 5. Nc3 Bg7 6. Be3 Nf6 7. Bb5 O-O 8.
O-O a6 9. Bc4 Nxe4 10. Nxe4 d5 11. Nxc6 bxc6 12. Bxd5 Qxd5 13. Qxd5 cxd5 14.
Nc5 Bxb2 15. Rad1 Rd8 16. Na4 Bf6 17. Nb6 Rb8 18. Nxd5 Be6 19. Nxf6+ exf6 20.
Rxd8+ Rxd8 21. a3 Rc8 22. Rc1 Kg7 23. Bd4 Rc4 24. c3 g5 25. Rb1 Ra4 26. Bc5 Ra5
27. Bb4 Rb5 28. f3 Kg6 29. a4 Rb7 30. Rd1 Rd7 31. Rxd7 Bxd7 32. a5 Bb5 33. Kf2
Kf5 34. g3 h5 35. Ke3 Ke5 36. Ba3 f5 37. f4+ gxf4+ 38. gxf4+ Kd5 39. Bb4 Bc4
40. Kf3 Bb5 41. Ke3 Bc4 1/2-1/2

[Event "DEM U12/U12w 2008"]
[Site "Willingen GER"]
[Date "2008.05.14"]
[Round "7"]
[White "Rahimi, Rozafa"]
[Black "Bokemaer, David"]
[Result "1-0"]
[Termination "normal"]
[Board "34"]
[WhiteElo "1297"]
[BlackElo "1433"]
[PlyCount "87"]
[WhiteFideId "24692280"]
[EventCountry "GER"]
[EventRounds "11"]
[EventType "swiss"]
[EventDate "2008.05.10"]

1. d4 d5 2. Bf4 Nf6 3. e3 c5 4. c3 Nc6 5. Nf3 Bg4 6. Be2 e6 7. h3 Bh5 8. Nbd2
Qb6 9. b3 Be7 10. Rc1 O-O 11. O-O Rfe8 12. Nh2 Bxe2 13. Qxe2 Qa5 14. Qd3 Bf8
15. Nhf3 h6 16. a3 Qa6 17. Qc2 cxd4 18. cxd4 Qxa3 19. Ra1 Qb4 20. Rfc1 Rac8 21.
Qb2 a6 22. Rc3 Na5 23. Rac1 Rxc3 24. Rxc3 Nc6 25. Ne5 Nxe5 26. Bxe5 Nd7 27. Nf3
Nxe5 28. Nxe5 Bd6 29. Nd3 Qa3 30. Qxa3 Bxa3 31. b4 Bxb4 32. Nxb4 Ra8 33. Ra3 a5
34. Nc2 b5 35. Kf1 Rc8 36. Ne1 a4 37. Nd3 Kf8 38. Nc5 Ke7 39. Ra1 Kd6 40. Ke2
g6 41. Kd3 f6 42. Rb1 Rb8 43. Nxa4 b4 44. Nc5 1-0

[Event "DEM U12/U12w 2008"]
[Site "Willingen GER"]
[Date "2008.05.14"]
[Round "7"]
[White "Lagunov, Elina"]
[Black "Rahimi, Anita"]
[Result "1/2-1/2"]
[Termination "normal"]
[Board "35"]
[WhiteElo "1431"]
[BlackElo "1172"]
[PlyCount "105"]
[WhiteFideId "4673387"]
[BlackFideId "24692336"]
[EventCountry "GER"]
[EventRounds "11"]
[EventType "swiss"]
[EventDate "2008.05.10"]

1. e4 c6 2. d4 d5 3. Nc3 dxe4 4. Nxe4 Bf5 5. Ng3 Bg6 6. Nf3 Nd7 7. Bd3 Bxd3 8.
Qxd3 e6 9. Bf4 Ngf6 10. O-O Be7 11. c4 O-O 12. a3 Rc8 13. b4 b6 14. Bd2 h6 15.
Rac1 Re8 16. Rfd1 a6 17. Ne2 Bf8 18. Nc3 e5 19. dxe5 Nxe5 20. Nxe5 Rxe5 21. Qg3
Bd6 22. Bf4 Nh5 23. Qd3 Nxf4 24. Qxd6 Qxd6 25. Rxd6 Ne2+ 26. Nxe2 Rxe2 27. g3
Ra2 28. Rc3 Re2 29. Kf1 Ra2 30. Rcd3 Rc2 31. Rd8+ Rxd8 32. Rxd8+ Kh7 33. Ra8
Rxc4 34. Rxa6 b5 35. Ke2 Rc3 36. Kd2 Rf3 37. Ke2 Rc3 38. h4 h5 39. Kd2 Rf3 40.
Rxc6 Rxf2+ 41. Ke3 Rb2 42. Kd4 Rg2 43. Rc3 Rf2 44. Ke4 Rd2 45. Rd3 Rc2 46. Rd5
Rc4+ 47. Ke3 Rc3+ 48. Kf2 Rc2+ 49. Ke3 Rc3+ 50. Rd3 Rc4 51. Rd5 Rc3+ 52. Kf4
Rc4+ 53. Ke3 1/2-1/2

[Event "DEM U12/U12w 2008"]
[Site "Willingen GER"]
[Date "2008.05.14"]
[Round "7"]
[White "Eichstaedt, Mirko"]
[Black "Hansch, Karsten"]
[Result "0-1"]
[Termination "normal"]
[Board "37"]
[WhiteElo "1265"]
[BlackElo "1370"]
[PlyCount "166"]
[WhiteFideId "24692310"]
[BlackFideId "24692239"]
[EventCountry "GER"]
[EventRounds "11"]
[EventType "swiss"]
[EventDate "2008.05.10"]

1. c4 Nf6 2. Nc3 g6 3. g3 Bg7 4. Bg2 O-O 5. Nf3 d6 6. O-O Nbd7 7. d4 Rb8 8. e4
e5 9. d5 Nc5 10. Re1 a5 11. a3 Ra8 12. Bg5 h6 13. Bxf6 Qxf6 14. Rb1 a4 15. Nd2
b6 16. Nb5 Qd8 17. b4 axb3 18. Nxb3 f5 19. Nxc5 bxc5 20. Qd3 f4 21. Rf1 g5 22.
h3 h5 23. Qf3 g4 24. hxg4 hxg4 25. Qd3 f3 26. Bh1 Bd7 27. Rfc1 Bxb5 28. Rxb5
Qe7 29. Rcb1 Rfc8 30. Rb7 Qd8 31. Bxf3 gxf3 32. Qxf3 Qf8 33. Qd3 Qe8 34. f4 Qa4
35. R1b3 Qd7 36. f5 Ra4 37. g4 Bf6 38. Rb8 Ra8 39. R8b7 Qg7 40. Qh3 Qh7 41.
Qxh7+ Kxh7 42. Rh3+ Kg7 43. Kg2 Ra4 44. Rc3 Kf7 45. Kg3 Ke7 46. Kg2 Kd7 47.
Rbb3 Rf8 48. Kg3 Bg5 49. Kf3 Rh8 50. Kg2 Rh4 51. Kf3 Rh1 52. Kg2 Rh4 53. Kf3
Rh1 54. Kg2 Rc1 55. Rxc1 Bxc1 56. Rc3 Bxa3 57. g5 Ra8 58. f6 Bb4 59. Rf3 Ra2+
60. Rf2 Rxf2+ 61. Kxf2 Ke8 62. g6 Kf8 63. Kg3 Bd2 64. Kg4 Bc1 65. Kf5 Bf4 66.
Ke6 Bg5 67. f7 Bh6 68. Kd7 Bg7 69. Kxc7 Ke7 70. Kc6 Bf8 71. Kc7 Kf6 72. Kd7
Kxg6 73. Ke6 Kg7 74. Kf5 Kxf7 75. Kg5 Bg7 76. Kf5 Bf6 77. Kg4 Kg6 78. Kh3 Kh5
79. Kg3 Bh4+ 80. Kf3 Kg5 81. Ke3 Kg4 82. Ke2 Kf4 83. Kd3 Kf3 0-1

[Event "DEM U12/U12w 2008"]
[Site "Willingen GER"]
[Date "2008.05.14"]
[Round "7"]
[White "Stolcz, Bianca"]
[Black "Priese, Annika"]
[Result "1/2-1/2"]
[Termination "normal"]
[Board "38"]
[WhiteElo "1594"]
[BlackElo "1256"]
[PlyCount "50"]
[WhiteFideId "24654914"]
[BlackFideId "24673730"]
[EventCountry "GER"]
[EventRounds "11"]
[EventType "swiss"]
[EventDate "2008.05.10"]

1. e4 c5 2. Nf3 e6 3. d4 cxd4 4. Nxd4 Nc6 5. Nc3 Nf6 6. Bc4 a6 7. O-O Bb4 8.
Nxc6 bxc6 9. Bd3 Qc7 10. Bg5 Be7 11. f4 d6 12. Qe2 Qb6+ 13. Kh1 Qxb2 14. Qd2
Qb8 15. Rae1 h6 16. Bh4 e5 17. fxe5 dxe5 18. Rb1 Qc7 19. Qe3 O-O 20. Qg3 Qd6
21. Bc4 Nh5 22. Qf3 Bxh4 23. Bxf7+ Kh8 24. Qxh5 Bf6 25. Rbd1 Qe7 1/2-1/2

[Event "DEM U12/U12w 2008"]
[Site "Willingen GER"]
[Date "2008.05.14"]
[Round "7"]
[White "Stolberg, Daniel"]
[Black "Bajorski, Maria Sophie"]
[Result "1-0"]
[Termination "normal"]
[Board "39"]
[WhiteElo "1372"]
[BlackElo "1211"]
[PlyCount "191"]
[BlackFideId "24654531"]
[EventCountry "GER"]
[EventRounds "11"]
[EventType "swiss"]
[EventDate "2008.05.10"]

1. d4 d5 2. c4 e6 3. Nc3 c6 4. cxd5 exd5 5. Nf3 Nf6 6. Bg5 Bd6 7. Qc2 h6 8. Bh4
O-O 9. e3 Re8 10. Bd3 Bg4 11. h3 Be6 12. a3 c5 13. dxc5 Bxc5 14. O-O Nc6 15. b4
Bd6 16. e4 d4 17. Ne2 Bc7 18. b5 Ne5 19. Nxe5 Bxe5 20. Qc5 Nd7 21. Qxe5 Nxe5
22. Bxd8 Raxd8 23. Rfd1 Nxd3 24. Rxd3 Bc4 25. Rd2 Rxe4 26. Ng3 Re7 27. a4 b6
28. Nf5 Red7 29. Re1 Bb3 30. Ne7+ Kf8 31. Nc6 Rc8 32. Ra1 Bc4 33. Rxd4 Rxd4 34.
Nxd4 Re8 35. Nc6 Bb3 36. a5 bxa5 37. Rxa5 Bc4 38. Nxa7 Re5 39. Nc6 Re6 40. b6
Rxc6 41. b7 Rb6 42. Ra8+ Ke7 43. b8=Q Rxb8 44. Rxb8 Kf6 45. Rc8 Bb5 46. Rc5 Bd3
47. f3 g6 48. Kf2 Kg7 49. h4 h5 50. g4 hxg4 51. fxg4 Kh6 52. Kg3 f6 53. Kf4 Kg7
54. Rc7+ Kf8 55. g5 fxg5+ 56. Kxg5 Ke8 57. Kf6 Kd8 58. Ra7 Be4 59. Ke6 Ke8 60.
Rc7 Kd8 61. Kd6 Bf5 62. Rh7 Ke8 63. Ke5 Kf8 64. Kf6 Kg8 65. Ra7 Be4 66. Kg5 Bd3
67. Kh6 Be4 68. Re7 Bf5 69. Kg5 Bd3 70. Rc7 Be4 71. Kf6 Bd3 72. Rc8+ Kh7 73.
Kf7 Be4 74. Rc5 Bd3 75. h5 Be4 76. Rg5 Kh6 77. Rxg6+ Kxh5 78. Rg1 Bd3 79. Kf6
Be4 80. Ke5 Bc2 81. Kf4 Bd3 82. Rd1 Bc2 83. Rh1+ Kg6 84. Rh2 Bd3 85. Rg2+ Kh5
86. Rg5+ Kh4 87. Rd5 Bc2 88. Rd2 Kh5 89. Rxc2 Kg6 90. Rc5 Kh6 91. Kg4 Kh7 92.
Kf5 Kh8 93. Kf6 Kh7 94. Kf7 Kh6 95. Rd5 Kh7 96. Rh5# 1-0

[Event "DEM U12/U12w 2008"]
[Site "Willingen GER"]
[Date "2008.05.14"]
[Round "7"]
[White "Neumann, Florian"]
[Black "Greif, Gavin"]
[Result "0-1"]
[Termination "normal"]
[Board "40"]
[WhiteElo "1350"]
[BlackElo "1268"]
[PlyCount "68"]
[BlackFideId "24662429"]
[EventCountry "GER"]
[EventRounds "11"]
[EventType "swiss"]
[EventDate "2008.05.10"]

1. e4 e5 2. Bc4 Nc6 3. d3 Nf6 4. Nf3 Be7 5. Nbd2 d6 6. Bb3 O-O 7. c3 Be6 8. Bc2
d5 9. O-O dxe4 10. dxe4 Re8 11. Qe2 Qd7 12. Rd1 Rad8 13. Nf1 Qc8 14. Be3 Na5
15. Ba4 Bc4 16. Qc2 Rxd1 17. Rxd1 Rd8 18. Nxe5 Rxd1 19. Qxd1 Nxe4 20. Qd4 Nd6
21. Nd2 Be6 22. Qxa7 b6 23. Nc6 Nxc6 24. Bxc6 Qd8 25. h3 Nf5 26. Nf1 Bc4 27.
Qa4 Qd3 28. Qa8+ Bf8 29. Kh2 Qxf1 30. Be4 Nxe3 31. fxe3 Qf2 32. Bxh7+ Kxh7 33.
Qe4+ Kg8 34. Qxc4 Bd6+ 0-1

[Event "DEM U12/U12w 2008"]
[Site "Willingen GER"]
[Date "2008.05.14"]
[Round "7"]
[White "Hellwig, Immo"]
[Black "Ewert, Paul"]
[Result "1/2-1/2"]
[Termination "normal"]
[Board "41"]
[WhiteElo "1278"]
[BlackElo "1329"]
[PlyCount "55"]
[EventCountry "GER"]
[EventRounds "11"]
[EventType "swiss"]
[EventDate "2008.05.10"]

1. e4 e5 2. Nf3 Nc6 3. Nc3 Nf6 4. Bb5 d6 5. d4 exd4 6. Nxd4 Bd7 7. Be3 g6 8.
O-O Bg7 9. f3 O-O 10. Bg5 h6 11. Be3 Re8 12. Qd2 Kh8 13. Nxc6 bxc6 14. Bc4 Re7
15. Bd4 c5 16. Bxf6 Bxf6 17. Nd5 Bd4+ 18. Kh1 Re8 19. c3 Bg7 20. Rae1 Rb8 21.
Qc2 Bc6 22. Re2 Qd7 23. Qd2 Rbd8 24. Rd1 Bxd5 25. Bxd5 Re7 26. Kg1 Qe8 27. Re3
h5 28. Qe2 1/2-1/2

[Event "DEM U12/U12w 2008"]
[Site "Willingen GER"]
[Date "2008.05.14"]
[Round "7"]
[White "Kühne, Niklas"]
[Black "Triantafillidis, Katherina"]
[Result "1-0"]
[Termination "normal"]
[Board "42"]
[WhiteElo "1283"]
[BlackElo "993"]
[PlyCount "75"]
[WhiteFideId "24690015"]
[BlackFideId "24692409"]
[EventCountry "GER"]
[EventRounds "11"]
[EventType "swiss"]
[EventDate "2008.05.10"]

1. c4 e5 2. Nc3 Nf6 3. Nf3 Nc6 4. g3 Bb4 5. Bg2 d6 6. O-O Be6 7. d3 O-O 8. Bd2
Bxc3 9. Bxc3 d5 10. Nxe5 d4 11. Nxc6 bxc6 12. Bb4 Rb8 13. Bxf8 Qxf8 14. Rb1 c5
15. Qa4 Qd6 16. Qxa7 Re8 17. Qa4 Bd7 18. Qc2 Bg4 19. Rfe1 g6 20. Ra1 Kg7 21. a4
Qa6 22. h3 Bd7 23. b3 Qa5 24. e3 dxe3 25. fxe3 Qb4 26. a5 Re6 27. Qf2 Qxb3 28.
a6 Bc6 29. Bxc6 Rxc6 30. a7 Rd6 31. a8=Q Qxd3 32. Ra6 Rxa6 33. Qxa6 Qd8 34. Rf1
Ne4 35. Qxf7+ Kh8 36. Qae6 Nxg3 37. Qe5+ Qf6 38. Qexf6# 1-0

[Event "DEM U12/U12w 2008"]
[Site "Willingen GER"]
[Date "2008.05.14"]
[Round "7"]
[White "Schreiber, Justina"]
[Black "Jermann, Isabel"]
[Result "1-0"]
[Termination "normal"]
[Board "43"]
[WhiteElo "1172"]
[BlackElo "1146"]
[PlyCount "91"]
[WhiteFideId "24661570"]
[EventCountry "GER"]
[EventRounds "11"]
[EventType "swiss"]
[EventDate "2008.05.10"]

1. e4 c6 2. d4 d5 3. exd5 cxd5 4. Bd3 Nc6 5. c3 Nf6 6. Bf4 g6 7. h3 Bg7 8. Nd2
O-O 9. Ngf3 Nh5 10. Bg5 Rb8 11. Qe2 a6 12. O-O b5 13. Rfe1 Re8 14. Rac1 Bb7 15.
a3 Qc7 16. Bh4 e5 17. Bc2 Re6 18. Ng5 Ree8 19. Bb3 h6 20. Ngf3 Qd6 21. Qd1 exd4
22. Rxe8+ Rxe8 23. Nf1 dxc3 24. bxc3 d4 25. Ng3 Nf4 26. Rc2 d3 27. Ra2 g5 28.
Nf5 Qf6 29. Nxg7 Qxg7 30. Bg3 Ne2+ 31. Kh2 Nxc3 32. Qxd3 Nxa2 33. Bxa2 Rd8 34.
Qb3 Nd4 35. Nxd4 Rxd4 36. Qe3 Ra4 37. Qe8+ Kh7 38. Bb1+ Be4 39. Bxe4+ Rxe4 40.
Qxe4+ Kg8 41. Qa8+ Kh7 42. Qxa6 Qb2 43. Qb7 Kg6 44. Qe4+ f5 45. Qe6+ Qf6 46.
Qe8+ 1-0

[Event "DEM U12/U12w 2008"]
[Site "Willingen GER"]
[Date "2008.05.14"]
[Round "7"]
[White "Diederichs, Luise"]
[Black "Röhlich, Anna"]
[Result "1/2-1/2"]
[Termination "normal"]
[Board "44"]
[WhiteElo "1177"]
[BlackElo "1043"]
[PlyCount "71"]
[WhiteFideId "24661597"]
[EventCountry "GER"]
[EventRounds "11"]
[EventType "swiss"]
[EventDate "2008.05.10"]

1. d4 Nf6 2. c4 g6 3. Nc3 Bg7 4. Nf3 d6 5. e3 O-O 6. Bd3 a5 7. Qc2 Nc6 8. Bd2
Nb4 9. Qb1 Nxd3+ 10. Qxd3 b6 11. O-O-O Ba6 12. h4 h5 13. Rdg1 d5 14. b3 e6 15.
Ne5 Nd7 16. Nc6 Qe8 17. f4 Nf6 18. Ne5 Rc8 19. g4 c5 20. gxh5 Nxh5 21. Nb5 Bxb5
22. cxb5 cxd4+ 23. Kd1 dxe3 24. Bxe3 Bxe5 25. fxe5 Rb8 26. Bh6 Rb7 27. Bxf8
Kxf8 28. Rf1 Rc7 29. Qxg6 Ng7 30. Rhg1 Nf5 31. Qg8+ Ke7 32. Qxe8+ Kxe8 33. Rg8+
Ke7 34. Rh1 Ne3+ 35. Kd2 d4 36. Rc1 1/2-1/2

[Event "DEM U12/U12w 2008"]
[Site "Willingen GER"]
[Date "2008.05.14"]
[Round "7"]
[White "Hauffen, Franziska"]
[Black "Bohm, Stephanie"]
[Result "1-0"]
[Termination "normal"]
[Board "45"]
[WhiteElo "1143"]
[BlackElo "888"]
[PlyCount "99"]
[EventCountry "GER"]
[EventRounds "11"]
[EventType "swiss"]
[EventDate "2008.05.10"]

1. e4 c5 2. Nf3 Nc6 3. d4 cxd4 4. Nxd4 g6 5. Nc3 Bg7 6. Be3 Nf6 7. f3 O-O 8.
Bc4 a6 9. Qd2 Nxd4 10. Bxd4 e6 11. O-O-O b5 12. Bb3 b4 13. Na4 Rb8 14. g4 a5
15. h4 Bb7 16. Bb6 Qe7 17. Bc5 Qe8 18. Bxf8 Bxf8 19. h5 Bg7 20. hxg6 fxg6 21.
g5 Nh5 22. Qxd7 Qxd7 23. Rxd7 Ng3 24. Bxe6+ Kh8 25. Rhd1 Ne2+ 26. Kb1 h6 27.
Rd8+ Rxd8 28. Rxd8+ Kh7 29. Bg8+ Kh8 30. Bd5+ Kh7 31. Bxb7 hxg5 32. Rd7 Kh6 33.
Rd5 Ng1 34. Rd3 Nh3 35. Rd1 Nf4 36. Re1 Ng2 37. Rh1+ Nh4 38. Nb6 Bd4 39. Nc4 a4
40. e5 Bc5 41. f4 a3 42. bxa3 bxa3 43. fxg5+ Kxg5 44. Re1 Nf5 45. e6 Kf6 46.
Bc8 g5 47. c3 g4 48. Nd2 g3 49. Ne4+ Ke7 50. Nxc5 1-0

[Event "DEM U12/U12w 2008"]
[Site "Willingen GER"]
[Date "2008.05.14"]
[Round "7"]
[White "Fischer, Maxi"]
[Black "Wulf, Constanze"]
[Result "1/2-1/2"]
[Termination "normal"]
[Board "46"]
[WhiteElo "1026"]
[BlackElo "1047"]
[PlyCount "58"]
[WhiteFideId "24692395"]
[BlackFideId "24692379"]
[EventCountry "GER"]
[EventRounds "11"]
[EventType "swiss"]
[EventDate "2008.05.10"]

1. e4 d6 2. d4 Nf6 3. Nc3 g6 4. Bg5 Bg7 5. Qd2 O-O 6. Bh6 c5 7. Bxg7 Kxg7 8.
O-O-O Nbd7 9. f3 a6 10. g4 b5 11. h4 Qc7 12. h5 Rh8 13. Qh2 Ng8 14. h6+ Kf8 15.
Qf4 cxd4 16. Nd5 Qc5 17. Nh3 Ne5 18. Ng5 Bd7 19. Kb1 a5 20. Rd3 b4 21. a3 Ke8
22. b3 Rc8 23. Rh2 f6 24. Rdd2 fxg5 25. Qxg5 Nxf3 26. Qf4 Nxd2+ 27. Rxd2 Be6
28. Rf2 Kd7 29. Bb5+ Rc6 1/2-1/2

[Event "DEM U12/U12w 2008"]
[Site "Willingen GER"]
[Date "2008.05.14"]
[Round "7"]
[White "Paliy, Margaryta"]
[Black "Ludwig, Maria"]
[Result "1-0"]
[Termination "normal"]
[Board "47"]
[WhiteElo "934"]
[BlackElo "866"]
[PlyCount "43"]
[WhiteFideId "24692417"]
[BlackFideId "24655791"]
[EventCountry "GER"]
[EventRounds "11"]
[EventType "swiss"]
[EventDate "2008.05.10"]

1. e4 e5 2. Nf3 Nc6 3. Bb5 Nf6 4. Nc3 Bb4 5. d3 Nd4 6. Nxd4 exd4 7. a3 Bxc3+ 8.
bxc3 dxc3 9. Bg5 a6 10. Bc4 d6 11. d4 h6 12. Bh4 g5 13. Bg3 Nxe4 14. Qe2 Qe7
15. O-O Bf5 16. f3 Qf6 17. fxe4 Bd7 18. Rxf6 O-O-O 19. Rxf7 Bc6 20. e5 Rhe8 21.
e6 d5 22. Bxc7 1-0

[Event "DEM U12/U12w 2008"]
[Site "Willingen GER"]
[Date "2008.05.15"]
[Round "8"]
[White "Bauer, Andreas"]
[Black "Blübaum, Matthias"]
[Result "1/2-1/2"]
[Termination "normal"]
[Board "1"]
[WhiteElo "1986"]
[BlackElo "1912"]
[PlyCount "39"]
[WhiteFideId "4625030"]
[BlackFideId "24651516"]
[EventCountry "GER"]
[EventRounds "11"]
[EventType "swiss"]
[EventDate "2008.05.10"]

1. e4 e6 2. d4 d5 3. e5 c5 4. c3 Nc6 5. Nf3 Bd7 6. Be2 Nge7 7. Na3 Ng6 8. Nc2
Be7 9. O-O O-O 10. Rb1 cxd4 11. cxd4 f6 12. exf6 Bxf6 13. b4 a6 14. a4 Nce7 15.
b5 Nf5 16. Ba3 Be7 17. Bxe7 Qxe7 18. bxa6 bxa6 19. a5 Nf4 20. Re1 1/2-1/2

[Event "DEM U12/U12w 2008"]
[Site "Willingen GER"]
[Date "2008.05.15"]
[Round "8"]
[White "Rührmund, Daniel"]
[Black "Lampert, Jonas"]
[Result "0-1"]
[Termination "normal"]
[Board "2"]
[WhiteElo "1823"]
[BlackElo "1762"]
[PlyCount "48"]
[WhiteFideId "24674583"]
[BlackFideId "1303759"]
[EventCountry "GER"]
[EventRounds "11"]
[EventType "swiss"]
[EventDate "2008.05.10"]

1. e4 e5 2. Nf3 Nf6 3. Nxe5 d6 4. Nf3 Nxe4 5. Nc3 Nxc3 6. dxc3 Be7 7. Bf4 Nc6
8. Qd2 Be6 9. O-O-O Bxa2 10. b3 a5 11. Bb5 a4 12. Bxa4 Rxa4 13. bxa4 Qa8 14.
Rde1 O-O 15. Kd1 Qxa4 16. Nd4 Bf6 17. Be3 Bc4 18. Qc1 Ne5 19. Nb3 Ra8 20. Qb1
Bxb3 21. cxb3 Qg4+ 22. Kd2 Qxg2 23. Rc1 Qd5+ 24. Ke2 Ra2+ 0-1